000 01272nam a22003737a 4500
003 CHAP
005 20220329143758.0
008 110810s2008 us a r 00010 eng d
010 _a101782
011 _a102754
020 _a9780849392603
035 _a113443
040 _cCHAP
082 0 4 _a621
_bM464 2008
245 0 0 _aMechatronic system control, logic and data acquisition
_c/editado por Robert H. Bishop
250 _a2 ed.
260 _aBoca Raton, Fl. :
_bCRC,
_c2008
300 _a[paginación varia] :
_bilus., tablas
490 4 _aThe Electrical engineering handbook series
590 _aBATCH-UPD
_b10
_c20130110
_lUCH01
_h1434
590 _aBATCH-UPD
_b10
_c20130410
_lUCH01
_h0909
590 _aBATCH-UPD
_b10
_c20130914
_lUCH01
_h0429
590 _aCONVERSION
_b10
_c20130109
_lUCH01
_h1356
650 0 4 _aAutomatización.
_98413
650 1 4 _aIngeniería eléctronica.
_958226
650 1 4 _aIngeniería mecánica.
_958260
650 1 4 _aProcesamiento automático de datos.
_991738
650 1 4 _aSistemas de control.
_9106742
700 1 _aBishop, Robert H.
_912941
830 4 _aThe Electrical engineering handbook series
_9112650
901 _aBK
942 _cLIBRO
949 _a621 M464 2008
_bBC
_cLIBRO
_d33724002300660
_eLIBRO
_h115529
_i113443
_sb
999 _c101782
_d101782